Statistics for Days Of The Week - Italian

Click here to take the quiz!

General Stats

  • This quiz has been taken 22 times
  • The average score is 6 of 7

Answer Stats

DayIn Italian% Correct
MondayLunedi
91%
SundayDomenica
82%
TuesdayMartedi
82%
WednesdayMercoledi
82%
SaturdaySabato
82%
FridayVenerdi
82%
ThursdayGiovedi
73%

Score Distribution

Percentile by Number Answered

Percent of People with Each Score

Your Score History

You have not taken this quiz